000 00745nam a2200289Ia 4500
005 20260324143054.0
008 008 260324s9999 xx 000 0 eng d
020 _a9781315046815
037 _aEBOOK
040 _aCRL
040 _beng
040 _cCRL
041 _2eng
041 _aeng
084 _qCRL
100 _aClifford M. Brown
_91214276
245 0 _aOur Accustomed Discourse on the Antique
245 0 _bCesare Gonzaga & Gerolamo Garimberto, Two Renaissance Collectors of Greco-Roman Art
260 _bTaylor and Francis
260 _c1993
365 _a
365 _b220
856 _uhttp://www.taylorfrancis.com/books/9781315046815
942 _cEBOOK
999 _c1819256
_d1819256